Leader xxxxxxxxxx
001 __ PCLIS00046610
005 __ 20220105091651.0
010 0_ |a978-986-88314-7-6|b平裝|dNT$800
100 __ |a20131126d2013 m y0chiy09 e
101 0_ |achi
102 __ |atw
105 __ |aa z 000yy
200 1_ |a八尺門|e再現2%的希望與奮鬥|f關曉榮著
205 __ |a初版
210 __ |a臺北市|c南方家園出版|c聯合發行總經銷|d2013[民102]
215 0_ |a431面, 摺頁圖版[2]面|c圖, 表|d25公分
300 __ |a附錄: 基隆市15歲以上原住民教育程度統計(2010年底), 基隆市海濱原住民國宅部分住戶資料
300 __ |a附錄以摺頁圖版呈現
517 _1 |a再現2%的希望與奮鬥|zchi
517 _1 |a再現百分之二的希望與奮鬥|zchi
606 __ |2csh|a阿美族
606 __ |2csh|a文化史
681 __ |a536.337|b8466
700 _1 |a關|b曉榮|4著
801 _0 |atw|b內湖高中|c20131126|gCCR
|